[Event "Ì13Ï"]
[Site "Loo"]
[Date "2017.04.26"]
[Round "7.54"]
[White "Ôðîëîâ, Àðòåì."]
[Black "Âàðçèåâ, Êîíñòàíòèí."]
[Result "0-1"]
[WhiteElo "1446"]
[BlackElo "1175"]
[PlyCount "52"]
[EventDate "2017.04.20"]

1. e4 e6 2. d4 d5 3. Nc3 Nf6 4. e5 Nfd7 5. Nf3 a6 6. Bf4 Be7 7. Qd2 c5 8. dxc5
Nxc5 9. Be2 Nc6 10. g4 Bd7 11. g5 g6 12. h4 Qb6 13. O-O-O O-O-O 14. h5 Nb8 15.
hxg6 hxg6 16. Nd4 Bc6 17. Be3 Qc7 18. f4 Nbd7 19. Bf3 Nb6 20. b3 Ncd7 21. Rh2
Rxh2 22. Qxh2 Nb8 23. Be2 Be8 24. Kb2 Ba3+ 25. Kxa3 Qxc3 26. Rd3 Nc4# 0-1

[Event "Ì13Ï"]
[Site "Loo"]
[Date "2017.04.26"]
[Round "7.55"]
[White "Åâñòàôüåâ, Ãåîðãèé."]
[Black "Êîëåñíè÷åíêî, Àëåêñåé."]
[Result "1-0"]
[WhiteElo "1427"]
[BlackElo "1086"]
[PlyCount "65"]
[EventDate "2017.04.20"]

1. e4 e5 2. Nf3 Nc6 3. Bc4 Bc5 4. c3 Nf6 5. d3 a5 6. Nbd2 O-O 7. O-O d6 8. h3
Be6 9. Bb3 b5 10. Bxe6 fxe6 11. Re1 Qe8 12. Nf1 Nh5 13. Be3 Rd8 14. Ng5 h6 15.
Nxe6 Qxe6 16. Qxh5 Rf6 17. Ng3 Rdf8 18. Nf5 Ne7 19. g4 Qf7 20. Qh4 Qg6 21.
Nxe7+ Kf7 22. Nxg6 Kxg6 23. d4 exd4 24. cxd4 Bb4 25. Rf1 Rf3 26. a3 Bxa3 27.
Rxa3 a4 28. Qh5+ Kh7 29. g5 Kg8 30. gxh6 gxh6 31. Kh2 b4 32. Rg1+ Kh8 33. Qxh6#
1-0

[Event "Ì13Ï"]
[Site "Loo"]
[Date "2017.04.26"]
[Round "7.58"]
[White "Äàâèäÿí, Âëàäèìèð."]
[Black "Ýêèìîâ, Ïàâåë."]
[Result "1/2-1/2"]
[WhiteElo "1252"]
[BlackElo "1346"]
[PlyCount "80"]
[EventDate "2017.04.20"]

1. e4 c5 2. Nf3 d6 3. d4 cxd4 4. Nxd4 Nf6 5. Nc3 a6 6. Be2 e5 7. Nf3 Be7 8. O-O
O-O 9. Bg5 Nbd7 10. Bxf6 Nxf6 11. Nd2 b5 12. a3 Bb7 13. f3 Rc8 14. Nb3 Re8 15.
Qd2 Nh5 16. g3 Nf6 17. Rad1 Qb6+ 18. Kg2 Red8 19. Bd3 h6 20. Qf2 Qc7 21. Rfe1
d5 22. Qe2 d4 23. Nb1 Nd7 24. Rf1 Nc5 25. Nxc5 Bxc5 26. Nd2 Bd6 27. Nb3 Re8 28.
Rde1 Re6 29. Qf2 Rf6 30. Kh1 Re8 31. g4 Bc8 32. Rg1 Rf4 33. Nc1 Qe7 34. Ne2 Rf6
35. Ng3 Bxg4 36. Nf5 Bxf5 37. exf5 Kh8 38. Qg2 Rg8 39. Qe2 Qb7 40. Be4 Qd7
1/2-1/2

[Event "Ì13Ï"]
[Site "Loo"]
[Date "2017.04.26"]
[Round "7.59"]
[White "Ðîäèí, Àëåêñàíäð."]
[Black "Êàëèíèí, Ìàòâåé."]
[Result "1-0"]
[WhiteElo "1207"]
[BlackElo "1345"]
[PlyCount "109"]
[EventDate "2017.04.20"]

1. e4 b6 2. d4 Bb7 3. Nc3 g6 4. f4 Bg7 5. Nf3 e6 6. Bd3 d6 7. O-O Nd7 8. f5
exf5 9. exf5 Bxf3 10. Qxf3 Bxd4+ 11. Kh1 Ngf6 12. Bh6 Ne5 13. Rae1 Kd7 14. Qf4
Bxc3 15. bxc3 Nh5 16. Qa4+ c6 17. Ba6 b5 18. Qb3 Kc7 19. Be3 Qh4 20. Bf2 Qc4
21. Qa3 Qa4 22. Qxa4 bxa4 23. fxg6 hxg6 24. Bh4 g5 25. Bf2 c5 26. Kg1 f5 27.
Bxc5 Rhe8 28. Bd4 Re7 29. Bxe5 dxe5 30. Rxf5 Kb6 31. Bd3 Nf4 32. Rfxe5 Nxd3 33.
cxd3 Rg7 34. Re6+ Kc7 35. d4 Kd7 36. c4 Rc8 37. c5 Rc6 38. R6e5 g4 39. Rc1 Re7
40. Rxe7+ Kxe7 41. d5 Rf6 42. d6+ Kd7 43. c6+ Kc8 44. d7+ Kc7 45. Rd1 Rf8 46.
Re1 Kd8 47. Rf1 Rg8 48. Rf6 Kc7 49. Kf2 Rb8 50. Kg3 Rg8 51. Kf4 Kd8 52. Ke5 Kc7
53. Ke6 g3 54. h3 Rg7 55. Rf8 1-0

[Event "Ì13Ï"]
[Site "Loo"]
[Date "2017.04.26"]
[Round "7.63"]
[White "Ãðîìîâîé, Êèðèëë."]
[Black "Êîíîòîï, Òèìîôåé."]
[Result "0-1"]
[WhiteElo "1227"]
[BlackElo "1397"]
[PlyCount "58"]
[EventDate "2017.04.20"]

1. e4 e5 2. Nf3 Nc6 3. Bc4 Nf6 4. d3 Bc5 5. c3 Bb6 6. Bg5 h6 7. Bh4 g5 8. Bg3
d6 9. O-O Bg4 10. Re1 Nh5 11. h3 Bxh3 12. Bxe5 dxe5 13. gxh3 Nf4 14. Kh2 Qd7
15. Ng1 Bxf2 16. Rf1 Bxg1+ 17. Kxg1 Qxh3 18. Qf3 Qxf3 19. Rxf3 O-O-O 20. Bxf7
Rdf8 21. Bc4 g4 22. Re3 h5 23. Nd2 h4 24. Rf1 g3 25. d4 exd4 26. cxd4 Nxd4 27.
Nb3 h3 28. Rxf4 h2+ 29. Kh1 g2+ 0-1

[Event "Ì13Ï"]
[Site "Loo"]
[Date "2017.04.26"]
[Round "7.64"]
[White "Íàëüãèåâ, Ðóñëàí."]
[Black "Òóêàåâ, Òèìóð."]
[Result "0-1"]
[WhiteElo "1243"]
[BlackElo "1300"]
[PlyCount "62"]
[EventDate "2017.04.20"]

1. d4 Nf6 2. c4 e6 3. Nc3 Bb4 4. Bd2 b6 5. e3 Bb7 6. Bd3 Bxc3 7. Bxc3 d6 8. Ne2
Nbd7 9. f3 O-O 10. Qc2 Qe7 11. O-O-O Rfb8 12. Rdf1 h6 13. h4 c5 14. g4 cxd4 15.
Nxd4 Kf8 16. g5 Nh5 17. gxh6 gxh6 18. Rfg1 Ne5 19. Bh7 Nf6 20. Qg2 Ke8 21. Bc2
Rc8 22. Ba4+ Ned7 23. b3 Kd8 24. Nb5 a6 25. Bxf6 Nxf6 26. Nxd6 Qxd6 27. Rd1 Nd5
28. Qg8+ Ke7 29. Qh7 Qa3+ 30. Kb1 Nc3+ 31. Ka1 Qxa2# 0-1

[Event "Ì13Ï"]
[Site "Loo"]
[Date "2017.04.26"]
[Round "7.65"]
[White "Ãîðáóíîâ, Âëàäèñëàâ."]
[Black "Ñàíêóëîâ, Èëüÿ."]
[Result "0-1"]
[WhiteElo "1282"]
[BlackElo "1225"]
[PlyCount "100"]
[EventDate "2017.04.20"]

1. e4 e5 2. Nf3 Nc6 3. Bb5 d6 4. d4 Bd7 5. Bxc6 Bxc6 6. Nc3 Nf6 7. Qd3 exd4 8.
Nxd4 Bd7 9. Bg5 Be7 10. O-O-O O-O 11. h4 h6 12. Bxf6 Bxf6 13. g3 Re8 14. Nd5
Bg4 15. f3 Bxd4 16. fxg4 Be5 17. Qe3 c6 18. Nc3 Qa5 19. a3 Bxc3 20. Qxc3 Qxc3
21. bxc3 Rxe4 22. Rxd6 Rxg4 23. Rg1 Re4 24. Rd7 Rb8 25. Rgd1 Ree8 26. Rf1 f6
27. Rf4 Kf8 28. Rb4 Re7 29. Rxe7 Kxe7 30. Re4+ Kf7 31. Ra4 a6 32. Rd4 Kg6 33.
Rg4+ Kf7 34. Rd4 Ke7 35. Rg4 Rg8 36. Rb4 b5 37. Rd4 f5 38. c4 Rd8 39. Rxd8 Kxd8
40. cxb5 axb5 41. Kd2 Kd7 42. Ke3 Ke6 43. c4 Ke5 44. Kd3 g5 45. hxg5 hxg5 46.
cxb5 cxb5 47. Ke3 Kd5 48. Kd3 f4 49. g4 Ke5 50. Ke2 Ke4 0-1

[Event "Ì13Â"]
[Site "Loo"]
[Date "2017.04.26"]
[Round "7.1"]
[White "Ñòóêàí, Ìàðòèí."]
[Black "Åðàñòîâ, Ñåìåí."]
[Result "1-0"]
[WhiteElo "1971"]
[BlackElo "1838"]
[PlyCount "109"]
[EventDate "2017.04.20"]

1. Nf3 d5 2. c4 c6 3. e3 Nf6 4. Nc3 e6 5. b3 Bd6 6. Bb2 O-O 7. Qc2 Nbd7 8. Be2
e5 9. cxd5 cxd5 10. Nb5 Bb8 11. Rc1 a6 12. Nc7 Qxc7 13. Qxc7 Bxc7 14. Rxc7 e4
15. Ne5 Nxe5 16. Bxe5 b5 17. a4 bxa4 18. bxa4 Be6 19. O-O Rfc8 20. Rxc8+ Bxc8
21. a5 Ne8 22. Rb1 f6 23. Bg3 Kf7 24. Rb6 Ke7 25. Bd1 Ra7 26. Bb3 Be6 27. Bb8
Rd7 28. Rxa6 Rb7 29. Ra7 Rxa7 30. Bxa7 Nc7 31. Bb6 Na6 32. Kf1 Kd6 33. Ba4 Bd7
34. Bxd7 Kxd7 35. Ke2 Nb4 36. Bc5 Nd3 37. a6 Kc6 38. a7 Kb7 39. Bd4 f5 40. Bxg7
Kxa7 41. f3 h5 42. h3 Kb7 43. g4 fxg4 44. fxg4 hxg4 45. h4 g3 46. Kf1 Nc5 47.
h5 Ne6 48. h6 Ng5 49. Kg2 Kc6 50. Kxg3 Kd6 51. Kg4 Nh7 52. Kf5 Ke7 53. Kg6 Nf8+
54. Bxf8+ Kxf8 55. h7 1-0

[Event "Ì13Â"]
[Site "Loo"]
[Date "2017.04.26"]
[Round "7.2"]
[White "×óãóíîâ, Âàäèì."]
[Black "Öâåòêîâ, Àíäðåé."]
[Result "0-1"]
[WhiteElo "1816"]
[BlackElo "2066"]
[PlyCount "110"]
[EventDate "2017.04.20"]

1. e4 c5 2. Nf3 d6 3. d4 cxd4 4. Nxd4 Nf6 5. Nc3 a6 6. Be2 e5 7. Nb3 Be7 8. Be3
Be6 9. Nd5 Nbd7 10. Qd3 Bxd5 11. exd5 O-O 12. O-O Ne8 13. g3 Bg5 14. f4 exf4
15. gxf4 Bf6 16. c3 Nc7 17. Bf3 Re8 18. Rae1 a5 19. Nd2 Bh4 20. Re2 Nf6 21. Rg2
Qd7 22. Bd4 Qh3 23. c4 Re7 24. Ne4 Nh5 25. Be2 Qxd3 26. Bxd3 Ne8 27. Ng5 h6 28.
Ne4 Rc7 29. b3 Kf8 30. Bb6 Rcc8 31. c5 Be7 32. Bb5 f5 33. Bxe8 Kxe8 34. Nxd6+
Bxd6 35. cxd6 Kd7 36. Bc7 Re8 37. Rf3 Re1+ 38. Kf2 Rae8 39. Rh3 R1e2+ 40. Kf1
Rxg2 41. Rxh5 Rg6 42. Rxf5 Rf6 43. Rh5 Rxf4+ 44. Kg2 Rf6 45. Rh4 Re2+ 46. Kg3
Rxa2 47. Re4 Rf7 48. Rc4 Ra3 49. Bb8 Rf6 50. Rc7+ Kxd6 51. Rxg7+ Kxd5 52. Rxb7
a4 53. Rb5+ Kc6 54. Ra5 Rxb3+ 55. Kg2 Rxb8 0-1

[Event "Ì13Â"]
[Site "Loo"]
[Date "2017.04.26"]
[Round "7.3"]
[White "Ïîíîìàðåâ, Ãðèãîðèé."]
[Black "Õàðèòîíîâ, Åãîð."]
[Result "0-1"]
[WhiteElo "2088"]
[BlackElo "1850"]
[PlyCount "130"]
[EventDate "2017.04.20"]

1. d4 d5 2. Nf3 e6 3. Bf4 Nf6 4. e3 Bd6 5. Bg3 b6 6. Bd3 Bb7 7. Nbd2 Ne4 8.
Bxe4 dxe4 9. Ne5 O-O 10. Qg4 f5 11. Qe2 Nd7 12. Nxd7 Qxd7 13. O-O-O a5 14. f3
exf3 15. gxf3 f4 16. Bf2 fxe3 17. Bxe3 Qf7 18. Rhf1 e5 19. dxe5 Bxe5 20. Kb1
Rae8 21. Ne4 Bf4 22. Bd4 Be5 23. Bxe5 Rxe5 24. Rg1 Rfe8 25. Rge1 Qe6 26. Qg2
Bxe4 27. fxe4 Rxe4 28. Rg1 g6 29. a3 b5 30. Qg3 Re5 31. Rgf1 b4 32. a4 c5 33.
h4 c4 34. h5 b3 35. cxb3 cxb3 36. hxg6 Qxg6+ 37. Qxg6+ hxg6 38. Rc1 Kg7 39. Rg1
g5 40. Rg3 Rb8 41. Rcg1 Kg6 42. Rc3 Rb4 43. Rcg3 Kf6 44. Rf3+ Rf5 45. Rc3 g4
46. Rc8 Rxa4 47. Rf8+ Kg6 48. Rg8+ Kf7 49. Rc8 Raf4 50. Rcc1 Kf6 51. Rce1 Kg5
52. Kc1 a4 53. Rd1 Rf3 54. Kd2 Rd5+ 55. Ke2 Rxd1 56. Rxd1 Rf4 57. Rg1 Rc4 58.
Ke3 Rc2 59. Rb1 Kh4 60. Rh1+ Kg3 61. Rg1+ Rg2 62. Rb1 Kh2 63. Kf4 g3 64. Ra1
Rf2+ 65. Ke3 Rxb2 0-1

[Event "Ì13Â"]
[Site "Loo"]
[Date "2017.04.26"]
[Round "7.4"]
[White "Áîáûëåâ, Íèêèòà."]
[Black "Ìàêîâååâ, Èëüÿ."]
[Result "0-1"]
[WhiteElo "1640"]
[BlackElo "2246"]
[PlyCount "72"]
[EventDate "2017.04.20"]

1. e4 c5 2. Nf3 d6 3. c3 Nf6 4. Bd3 g6 5. O-O Bg7 6. Bc2 O-O 7. d4 cxd4 8. cxd4
Nc6 9. Be3 Nb4 10. Nc3 Nxc2 11. Qxc2 Bd7 12. Qd2 Rc8 13. Bh6 Bg4 14. Bxg7 Kxg7
15. Ne1 Qb6 16. h3 Be6 17. Nf3 d5 18. e5 Ne4 19. Nxe4 dxe4 20. Ng5 Bd5 21. Rfe1
Rc4 22. Nxe4 Rxd4 23. Qc2 Rd8 24. Nc3 Bxg2 25. Na4 Qc6 26. Qxc6 Bxc6 27. Nc3
Rd2 28. Rad1 R2d3 29. Kh2 g5 30. Rxd3 Rxd3 31. Rd1 Rf3 32. Rd2 h5 33. Nd1 g4
34. hxg4 hxg4 35. Kg1 Rh3 36. Kf1 Bf3 0-1

[Event "Ì13Â"]
[Site "Loo"]
[Date "2017.04.26"]
[Round "7.5"]
[White "Ïîçíÿê, Íàçàð."]
[Black "Ìèøóðèñ, Ìàòâåé."]
[Result "1/2-1/2"]
[WhiteElo "2069"]
[BlackElo "1810"]
[PlyCount "80"]
[EventDate "2017.04.20"]

1. d4 d6 2. c4 e5 3. Nf3 e4 4. Nfd2 f5 5. Nc3 Nf6 6. e3 Be7 7. Be2 O-O 8. O-O
c6 9. d5 c5 10. Rb1 Nbd7 11. b4 b6 12. Ba3 Ne5 13. Qc2 Bd7 14. Rb3 Qe8 15. bxc5
dxc5 16. Nb5 Bxb5 17. Rxb5 Bd6 18. Rd1 Qg6 19. g3 h5 20. Bb2 Neg4 21. Nf1 h4
22. Bxf6 Rxf6 23. Re1 hxg3 24. fxg3 Nxe3 25. Nxe3 Bxg3 26. hxg3 Qxg3+ 27. Ng2
Rg6 28. Bg4 Qxg4 29. Rb3 Re8 30. Rbe3 Qh5 31. Qf2 Rh6 32. Qg3 g5 33. Nf4 Qh1+
34. Kf2 Qh2+ 35. Ng2 Qh5 36. Nf4 Qh2+ 37. Ng2 Qh5 38. Nf4 Qh2+ 39. Ng2 Qh5 40.
Nf4 Qh2+ 1/2-1/2

[Event "Ì13Â"]
[Site "Loo"]
[Date "2017.04.26"]
[Round "7.6"]
[White "Òðîôèìîâ, Ïàâåë."]
[Black "Ìåðö, Äìèòðèé."]
[Result "1/2-1/2"]
[WhiteElo "1933"]
[BlackElo "1744"]
[PlyCount "134"]
[EventDate "2017.04.20"]

1. d4 d5 2. Bf4 Nf6 3. e3 c5 4. Nd2 Nc6 5. c3 Bf5 6. Ngf3 h6 7. h3 e6 8. Be2
Qb6 9. b3 Be7 10. O-O O-O 11. Ne5 Rfc8 12. Ndf3 a6 13. Bd3 Bxd3 14. Qxd3 Qd8
15. Nxc6 bxc6 16. Ne5 a5 17. Rfd1 cxd4 18. cxd4 Qb6 19. Rab1 c5 20. dxc5 Rxc5
21. Qd4 Qb4 22. Qb2 Qb7 23. Nd3 Rc6 24. Be5 Rac8 25. Rbc1 Qb5 26. Rxc6 Rxc6 27.
Bd4 a4 28. bxa4 Qxa4 29. Qb8+ Kh7 30. Rf1 Qa6 31. Bxf6 gxf6 32. Qe8 Kg7 33. Nf4
Bf8 34. Nh5+ Kg8 35. Nxf6+ Kg7 36. Nh5+ Kg8 37. Qb8 Qxa2 38. Qg3+ Kh8 39. Qe5+
Kh7 40. Nf6+ Kg6 41. Nh5 Kh7 42. Nf6+ Kg6 43. h4 Qc2 44. h5+ Kg7 45. Nxd5+ Kh7
46. Nf6+ Kh8 47. Ng4+ Kh7 48. Qf4 Qf5 49. Qxf5+ exf5 50. Ne5 Rc7 51. Rd1 Kg7
52. Rd5 Be7 53. Nf3 Kf6 54. Ra5 Rc5 55. Ra6+ Kg7 56. g3 f4 57. exf4 Rxh5 58.
Ne5 Bf6 59. Ng4 Rf5 60. Nxf6 Rxf6 61. Rxf6 Kxf6 62. g4 Kg6 63. Kg2 f5 64. f3 h5
65. g5 Kf7 66. Kg3 Kg7 67. Kh3 Kf7 1/2-1/2

[Event "Ì13Â"]
[Site "Loo"]
[Date "2017.04.26"]
[Round "7.7"]
[White "Êóëèê, Àðòóð."]
[Black "Òàðàñîâ, Äàíèëà."]
[Result "0-1"]
[WhiteElo "1918"]
[BlackElo "1768"]
[PlyCount "98"]
[EventDate "2017.04.20"]

1. d4 d5 2. Nf3 Nc6 3. g3 Bg4 4. Bg2 Qd7 5. O-O O-O-O 6. Nbd2 f6 7. b3 Bh3 8.
Bb2 h5 9. c4 Bxg2 10. Kxg2 e6 11. a3 g5 12. e3 h4 13. b4 dxc4 14. Nxc4 Qd5 15.
b5 g4 16. bxc6 gxf3+ 17. Kg1 Qxc4 18. cxb7+ Kb8 19. Qxf3 Qd5 20. e4 Qh5 21. g4
Qg6 22. h3 Bh6 23. a4 Rh7 24. Ba3 Bf8 25. Bc1 f5 26. exf5 exf5 27. Be3 fxg4 28.
hxg4 Bh6 29. Rac1 Bxe3 30. Rc6 Qg5 31. fxe3 Rg7 32. Kh2 Nh6 33. Rc5 Nxg4+ 34.
Kh3 Qxe3 35. Qxe3 Nxe3 36. Rf3 Rg3+ 37. Rxg3 hxg3 38. Kxg3 Rxd4 39. Kf3 Nd5 40.
Rb5 Nb6 41. a5 Rd5 42. Rxd5 Nxd5 43. Ke4 Nb4 44. Kd4 Nc6+ 45. Kc5 Nxa5 46. Kb5
Nxb7 47. Kc6 a5 48. Kb5 Ka7 49. Ka4 Kb6 0-1

[Event "Ì13Â"]
[Site "Loo"]
[Date "2017.04.26"]
[Round "7.8"]
[White "Æóêîâ, Ìàêñèì."]
[Black "Ïóòðåíêî, Êèðèëë."]
[Result "0-1"]
[WhiteElo "1850"]
[BlackElo "1872"]
[PlyCount "56"]
[EventDate "2017.04.20"]

1. d4 Nf6 2. c4 e6 3. Nf3 b6 4. g3 Bb7 5. Bg2 Bb4+ 6. Bd2 Qe7 7. O-O Bxd2 8.
Qxd2 O-O 9. Nc3 d6 10. Qc2 Nbd7 11. e4 e5 12. d5 Nh5 13. b4 g6 14. Nd2 f5 15.
Nb3 f4 16. Nb5 Ndf6 17. c5 Ba6 18. a4 Ng4 19. h3 Nh6 20. g4 f3 21. Bh1 Qh4 22.
Nd2 Nf4 23. Nxf3 Nxh3+ 24. Kh2 Rxf3 25. Bxf3 Ng5+ 26. Kg1 Nxf3+ 27. Kg2 Qxg4+
28. Kh1 Qh3# 0-1

[Event "Ì13Â"]
[Site "Loo"]
[Date "2017.04.26"]
[Round "7.9"]
[White "Ãðà÷åâ, Àëåêñåé."]
[Black "Ïøìàõîâ, Îñìàí."]
[Result "1-0"]
[WhiteElo "2147"]
[BlackElo "2121"]
[PlyCount "65"]
[EventDate "2017.04.20"]

1. e4 e6 2. d4 d5 3. Bd3 c5 4. exd5 exd5 5. Nf3 c4 6. Be2 Nf6 7. O-O Bd6 8. b3
cxb3 9. axb3 O-O 10. c4 Ne4 11. Bb2 f5 12. Nc3 Nxc3 13. Bxc3 Nd7 14. Ne5 Nf6
15. Bb2 Be6 16. Ba3 Ne4 17. Bxd6 Qxd6 18. Qd3 b6 19. f3 Nf6 20. Qe3 Rfd8 21. c5
bxc5 22. Ra6 cxd4 23. Qxd4 Qe7 24. Nc6 Qf7 25. Nxd8 Rxd8 26. Rxa7 Qg6 27. Bd3
Nh5 28. Re1 Rc8 29. Ra6 Kf7 30. Qe5 Qf6 31. Qxf6+ Nxf6 32. Kf2 d4 33. Raxe6 1-0

[Event "Ì13Â"]
[Site "Loo"]
[Date "2017.04.26"]
[Round "7.10"]
[White "Ãðåáíåâ, Àëåêñåé."]
[Black "Êóçüìèí, Ðîìàí."]
[Result "1-0"]
[WhiteElo "1874"]
[BlackElo "1806"]
[PlyCount "103"]
[EventDate "2017.04.20"]

1. e4 e5 2. Nf3 Nc6 3. Bb5 a6 4. Ba4 Nf6 5. O-O Be7 6. Re1 d6 7. c3 b5 8. Bb3
O-O 9. h3 Bb7 10. d4 exd4 11. cxd4 Nd7 12. Nc3 Re8 13. a3 Na5 14. Bc2 Bf6 15.
Be3 Nc4 16. Rb1 Nxe3 17. Rxe3 g6 18. Re1 Rc8 19. Qd2 Nb6 20. Bb3 Bg7 21. Qf4
Nc4 22. Bxc4 bxc4 23. Rbd1 Qf6 24. Qd2 Bf8 25. Re2 c5 26. d5 Rb8 27. Rde1 Red8
28. Qc1 a5 29. Qd1 Bg7 30. Qa4 Bc8 31. e5 Qf4 32. Re4 Qf5 33. exd6 Bd7 34. Qxa5
Rf8 35. R4e2 h5 36. Ne5 Bxe5 37. Rxe5 Qf6 38. Qxc5 Rxb2 39. Qd4 Rfb8 40. Ne4
Qg7 41. Nc5 Bf5 42. d7 Rb1 43. Rxb1 Rxb1+ 44. Kh2 Bxd7 45. Nxd7 Kh7 46. Nf6+
Kh6 47. Qe3+ g5 48. h4 Qg6 49. Rxg5 Rh1+ 50. Kxh1 Qb1+ 51. Kh2 Qb8+ 52. Rg3+
1-0

[Event "Ì13Â"]
[Site "Loo"]
[Date "2017.04.26"]
[Round "7.11"]
[White "Êàòàåâ, Àëåêñàíäð."]
[Black "Åðìîëàåâ, Èâàí."]
[Result "1-0"]
[WhiteElo "1995"]
[BlackElo "1804"]
[PlyCount "65"]
[EventDate "2017.04.20"]

1. d4 Nf6 2. c4 c5 3. d5 b5 4. cxb5 a6 5. b6 Qxb6 6. Nc3 g6 7. e4 d6 8. Nf3 Bg7
9. Nd2 Nbd7 10. Nc4 Qc7 11. a4 a5 12. Nb5 Qd8 13. Qc2 Nb6 14. Bd2 Nxc4 15. Bxc4
O-O 16. Bc3 Nd7 17. f4 Nb6 18. b3 Re8 19. O-O-O Bd7 20. Kb2 Qb8 21. Bxg7 Kxg7
22. Qc3+ f6 23. Rhe1 e5 24. dxe6 Nxc4+ 25. bxc4 Rxe6 26. e5 fxe5 27. fxe5 Bxb5
28. exd6+ Rf6 29. Re7+ Kg8 30. Qxf6 Bxc4+ 31. Kc1 Qf8 32. Qxf8+ Kxf8 33. Rc7
1-0

[Event "Ì13Â"]
[Site "Loo"]
[Date "2017.04.26"]
[Round "7.12"]
[White "Áåëîøàïêî, Ìàòâåé."]
[Black "Êèðèëëîâ, Äìèòðèé."]
[Result "0-1"]
[WhiteElo "1750"]
[BlackElo "2099"]
[PlyCount "118"]
[EventDate "2017.04.20"]

1. e4 c5 2. Nc3 e6 3. f4 a6 4. Nf3 d6 5. a4 Nc6 6. Bc4 Nf6 7. O-O d5 8. exd5
exd5 9. Ba2 Be7 10. Ne5 Nb4 11. d3 Nxa2 12. Rxa2 O-O 13. Qe1 Bf5 14. Ne2 Bd6
15. Ng3 Bd7 16. Nxd7 Qxd7 17. Qd1 d4 18. Qf3 Rfe8 19. b3 Ng4 20. Ne4 f5 21.
Nxd6 Qxd6 22. Ra1 Re7 23. h3 Ne3 24. Bxe3 Rxe3 25. Qf2 Rae8 26. Rae1 h6 27.
Rxe3 Rxe3 28. Qh4 Kh7 29. Kh2 Re2 30. Rf2 Re3 31. Qh5 Qe6 32. Qd1 Re1 33. Qd2
Qe3 34. g3 Kg6 35. Rg2 Kf6 36. Qf2 g5 37. Qd2 Rf1 38. fxg5+ hxg5 39. Qxe3 dxe3
40. Re2 f4 41. gxf4 gxf4 42. Kg2 Rd1 43. Kf3 Kf5 44. Rh2 Rg1 45. Ke2 a5 46. Kf3
Rg3+ 47. Ke2 Kg5 48. c3 Kh4 49. d4 cxd4 50. cxd4 Rg1 51. Kf3 Kg5 52. h4+ Kf5
53. h5 Rg3+ 54. Ke2 Ke4 55. h6 f3+ 56. Kf1 f2 57. Ke2 Rg1 58. Rh4+ Kf5 59. Rh5+
Kg6 0-1

[Event "Ì13Â"]
[Site "Loo"]
[Date "2017.04.26"]
[Round "7.13"]
[White "Òèòîâ, Àëåêñàíäð."]
[Black "Ìî÷àëèí, Ôàääåé."]
[Result "0-1"]
[WhiteElo "1704"]
[BlackElo "1925"]
[PlyCount "70"]
[EventDate "2017.04.20"]

1. d4 d5 2. Nf3 c6 3. c4 e6 4. b3 Nf6 5. Nc3 Bb4 6. Bd2 Bd6 7. g3 O-O 8. Bg2
Nbd7 9. Qc2 b6 10. e4 dxe4 11. Nxe4 Be7 12. O-O Bb7 13. Nc3 c5 14. Rad1 cxd4
15. Nxd4 Bxg2 16. Kxg2 Qc7 17. Kg1 Qb7 18. Rfe1 Bc5 19. Bf4 Rfe8 20. Ndb5 Rad8
21. Nd6 Bxd6 22. Rxd6 h6 23. Qd1 a6 24. Be3 Rc8 25. Qd4 b5 26. cxb5 axb5 27.
Bc1 b4 28. Na4 Nd5 29. Bb2 N7f6 30. Qd3 e5 31. h3 e4 32. Qd2 e3 33. fxe3 Qc7
34. Rxd5 Qxg3+ 35. Kf1 Qf3+ 0-1

[Event "Ì13Â"]
[Site "Loo"]
[Date "2017.04.26"]
[Round "7.14"]
[White "Àòîâìÿí, Àðò¸ì."]
[Black "Ëüâîâ, Íèêèòà."]
[Result "0-1"]
[WhiteElo "1638"]
[BlackElo "1879"]
[PlyCount "80"]
[EventDate "2017.04.20"]

1. e4 c5 2. Nf3 d6 3. d4 cxd4 4. Nxd4 Nf6 5. Nc3 g6 6. f4 Bg7 7. e5 Nh5 8. Bb5+
Bd7 9. e6 fxe6 10. Nxe6 Bxc3+ 11. bxc3 Qc8 12. Bxd7+ Kxd7 13. Ng5 Qxc3+ 14. Bd2
Qc4 15. Rb1 b6 16. Rb3 Nf6 17. Rc3 Qb5 18. Qf3 Nc6 19. a4 Qd5 20. Qh3+ Qf5 21.
Qf3 Rac8 22. O-O h6 23. Nh3 Ne4 24. Rd3 Nxd2 25. Rxd2 Nb4 26. Rff2 Rc7 27. c3
Na6 28. Rd5 Qf6 29. Qe2 Nc5 30. Qc4 Rhc8 31. f5 g5 32. Rc2 Nb7 33. Qb5+ Kd8 34.
c4 Rc5 35. Qb3 Rxd5 36. cxd5 Qxf5 37. Rxc8+ Qxc8 38. Kf2 Qc5+ 39. Kg3 Qd4 40.
Qf3 Qh4# 0-1

[Event "Ì13Â"]
[Site "Loo"]
[Date "2017.04.26"]
[Round "7.15"]
[White "Ïëÿñóíîâ, Äàíèèë."]
[Black "Ìàõëèí, Ìèðîí."]
[Result "1-0"]
[WhiteElo "1868"]
[BlackElo "1832"]
[PlyCount "81"]
[EventDate "2017.04.20"]

1. d4 Nf6 2. Nf3 g6 3. g3 c5 4. c3 cxd4 5. cxd4 Bg7 6. Bg2 O-O 7. O-O d6 8. Nc3
e6 9. e4 b6 10. Bg5 Qd7 11. Bxf6 Bxf6 12. e5 Bg7 13. exd6 Bb7 14. Ne5 Qc8 15.
Bxb7 Qxb7 16. Qa4 a6 17. f4 b5 18. Qc2 Qb6 19. Ne4 f6 20. Nf3 f5 21. Neg5 Qxd6
22. Qb3 Nc6 23. Qxe6+ Qxe6 24. Nxe6 Rfe8 25. Nc7 Nxd4 26. Nxa8 Rxa8 27. Rad1
Nxf3+ 28. Rxf3 Bxb2 29. Rd7 b4 30. Rfd3 a5 31. Rd8+ Rxd8 32. Rxd8+ Kf7 33. Ra8
Bd4+ 34. Kf1 Bb6 35. Rb8 Bd4 36. Rb5 Ke6 37. Rxa5 Kd6 38. Rb5 Bc3 39. Ke2 Kc6
40. Rb8 Kc5 41. Kd3 1-0

[Event "Ì13Â"]
[Site "Loo"]
[Date "2017.04.26"]
[Round "7.16"]
[White "Æóêîâ, Èâàí."]
[Black "Áàëàøîâ, Àðñåíèé."]
[Result "0-1"]
[WhiteElo "1814"]
[BlackElo "1769"]
[PlyCount "72"]
[EventDate "2017.04.20"]

1. e4 c5 2. Nf3 d6 3. d4 cxd4 4. Nxd4 Nf6 5. Nc3 Nc6 6. Nb3 g6 7. Be2 Bg7 8.
Be3 O-O 9. O-O a6 10. a4 Be6 11. f4 Na5 12. Nd4 Bc4 13. b4 Bxe2 14. Qxe2 Rc8
15. bxa5 Rxc3 16. Bd2 Rc8 17. Rab1 Nd7 18. Nf3 Nc5 19. Rb4 Qd7 20. Rfb1 Rc7 21.
Qf2 Qc6 22. Nd4 Qd7 23. Nf3 Nxa4 24. Qh4 f5 25. e5 Nc5 26. Be3 Ne4 27. Qh3 Nc3
28. Re1 e6 29. Bb6 Rc6 30. Nd4 Rcc8 31. exd6 Qxd6 32. Nxe6 Qxb4 33. Nxf8 Rxf8
34. Qd3 Na4 35. Bf2 Nc3 36. Qd7 Ne4 0-1

[Event "Ì13Â"]
[Site "Loo"]
[Date "2017.04.26"]
[Round "7.17"]
[White "Êóíäÿíîê, Âëàäèñëàâ."]
[Black "×óìàåâñêèé, Àðñåíèé."]
[Result "0-1"]
[WhiteElo "1810"]
[BlackElo "1595"]
[PlyCount "60"]
[EventDate "2017.04.20"]

1. e4 c5 2. Nf3 e6 3. d4 cxd4 4. Nxd4 a6 5. Bd3 Bc5 6. Nb3 Be7 7. Be3 d6 8.
N1d2 Nf6 9. c3 Nbd7 10. f4 b6 11. g4 h6 12. Qf3 e5 13. f5 h5 14. g5 Ng4 15. h4
Nxe3 16. Qxe3 Bb7 17. Rf1 d5 18. exd5 Bxd5 19. Be4 Bxe4 20. Nxe4 f6 21. O-O-O
Qc7 22. gxf6 Nxf6 23. Ng5 Ng4 24. Ne6 Nxe3 25. Nxc7+ Kf7 26. Rg1 Nxd1 27. Ne6
Ne3 28. Rxg7+ Kf6 29. Rg5 Rag8 30. Kd2 Nxf5 0-1

[Event "Ì13Â"]
[Site "Loo"]
[Date "2017.04.26"]
[Round "7.18"]
[White "Åôðåìîâ, Âëàäèñëàâ."]
[Black "Âàñèëüåâ, Àëåêñåé."]
[Result "1-0"]
[WhiteElo "1879"]
[BlackElo "1861"]
[PlyCount "97"]
[EventDate "2017.04.20"]

1. d4 Nf6 2. c4 e6 3. Nf3 Bb4+ 4. Bd2 c5 5. Bxb4 cxb4 6. g3 O-O 7. Bg2 d6 8.
O-O Qe7 9. Qd3 e5 10. e4 Nc6 11. d5 Nb8 12. a3 Na6 13. Nfd2 Re8 14. Qb3 bxa3
15. Qxa3 b5 16. cxb5 Nc7 17. Nc3 Rd8 18. Nc4 Qd7 19. b6 axb6 20. Nxb6 Rxa3 21.
Nxd7 Rb3 22. Nxf6+ gxf6 23. Ra7 Na6 24. Ra1 Nc5 25. Ra8 Rf8 26. Rb1 Ba6 27.
Rxf8+ Kxf8 28. Bf1 Bd3 29. Bxd3 Nxd3 30. Kg2 Rxb2 31. Rxb2 Nxb2 32. Kf3 Nd3 33.
Nd1 Ne1+ 34. Kg4 Nc2 35. Ne3 Nd4 36. Nf5 Nb5 37. Kh5 Kg8 38. g4 Kf8 39. g5 fxg5
40. Kxg5 Kg8 41. Kf6 Kf8 42. h3 Ke8 43. h4 h5 44. Ng7+ Kf8 45. Nxh5 Nc3 46. Ng3
Nd1 47. f3 Nc3 48. Nf5 Nb5 49. h5 1-0

[Event "Ì13Â"]
[Site "Loo"]
[Date "2017.04.26"]
[Round "7.19"]
[White "Ìîðîçîâ, Ãåííàäèé."]
[Black "Ãðåõîâ, Ëóêà."]
[Result "0-1"]
[WhiteElo "1738"]
[BlackElo "1756"]
[PlyCount "102"]
[EventDate "2017.04.20"]

1. d4 d5 2. c4 c6 3. cxd5 cxd5 4. Bf4 Nf6 5. Nc3 a6 6. e3 Nc6 7. Bd3 Bg4 8.
Nge2 e6 9. O-O Bd6 10. f3 Bh5 11. a3 Bg6 12. b4 O-O 13. Bxd6 Qxd6 14. Rc1 Ne7
15. e4 dxe4 16. fxe4 Nd7 17. Kh1 Rac8 18. Na4 Nc6 19. Bb1 Bh5 20. Nac3 Rfd8 21.
Qd3 Bxe2 22. Nxe2 Nde5 23. Qc2 Nxd4 24. Qxc8 Nxe2 25. Rc2 Ng4 26. Qxd8+ Qxd8
27. Rxe2 Qc7 28. g3 Qc4 29. Rd1 g6 30. Red2 Qb3 31. Kg1 Qe3+ 32. Kg2 Qxa3 33.
Rd3 Qb2+ 34. R3d2 Qc3 35. Kh3 Ne3 36. Rd3 Qe5 37. Rxe3 Qh5+ 38. Kg2 Qxd1 39.
Bd3 Qd2+ 40. Kf3 g5 41. h3 h5 42. g4 Qh2 43. Bf1 hxg4+ 44. hxg4 Qf4+ 45. Ke2
Qxg4+ 46. Kd2 Qf4 47. Be2 f5 48. Bc4 Qf2+ 49. Kd3 Qf1+ 50. Kd4 Qa1+ 51. Kc5
Qe5+ 0-1

[Event "Ì13Â"]
[Site "Loo"]
[Date "2017.04.26"]
[Round "7.21"]
[White "Áàçûðöûðåíîâ, Êèðèëë."]
[Black "Êîë÷èí, Ìàêñèì."]
[Result "0-1"]
[WhiteElo "1831"]
[BlackElo "1713"]
[PlyCount "68"]
[EventDate "2017.04.20"]

1. e4 e5 2. Nc3 Nc6 3. Nf3 Nf6 4. d4 Bb4 5. d5 Nb8 6. Bd3 d6 7. Bg5 h6 8. Bh4
Nbd7 9. Qe2 O-O 10. Nd2 Bxc3 11. bxc3 Nc5 12. f3 c6 13. c4 g5 14. Bf2 Nh5 15.
Bxc5 dxc5 16. g4 Nf4 17. Qf2 cxd5 18. cxd5 b6 19. Nf1 Bd7 20. Ne3 b5 21. Qd2 c4
22. Be2 Qb6 23. c3 Rac8 24. O-O b4 25. Rae1 bxc3 26. Qxc3 Qd4 27. Qc1 c3 28.
Kh1 Qd2 29. Rf2 Nd3 30. Bxd3 Qxf2 31. Be2 c2 32. Qd2 c1=Q 33. Rxc1 Rxc1+ 34.
Qxc1 Qxe2 0-1